000 00468nam a2200181Ia 4500
001 8909
005 20260306160644.0
008 260306t2012||||xx |||||||||||||| ||spa||
041 _aESP
082 _a371.9046
_bS753
100 _aSlee, Roger
_eAUT
245 0 _aLa escuela extraordinaria:
_bexclusión, escolarización y educación inclusiva
260 _c2012
300 _a261 páginas :
_c24 cm.
650 _aGEN
654 _aCED
942 _cLIB
_dJUS
_fJUS
_2ddc
_n
999 _c8909
_d8909